El hormigón armado: materiales, cálculo y formas constructivas

Saved in:
Bibliografiske detaljer
Hovedforfatter: Saliger, Rudolf (Author)
Format: Bog
Sprog:spansk
Udgivet: Barcelona Labor 1963
Udgivelse:2a. ed
Fag:
Tags: Tilføj Tag
Ingen Tags, Vær først til at tagge denne postø!

MARC

LEADER 00000nam a2200000 a 4500
001 UCV9365
003 CL-VaPUC
008 920825e19630000SP |||||||||||||||||spa|d
082 0 4 |a 693.5  |b SAL  |2 21 
100 0 |a Saliger, Rudolf  |e author  |9 303369 
245 1 3 |a El hormigón armado: materiales, cálculo y formas constructivas 
250 |a 2a. ed 
300 |a 802 p 
942 |c BK 
945 |d 19920825 00:00:00 
260 |a Barcelona  |b Labor  |c 1963 
650 7 |a HORMIGON ARMADO  |2 CL-VaPUC  |9 303370 
650 7 |a CONSTRUCCIONES DE HORMIGON ARMADO  |2 CL-VaPUC  |9 260725 
650 0 |a Materiales de construcción  |9 260197 
650 0 |a Construcción  |9 260195 
583 |a last modification  |c 19920825 00:00:00  |k Rodrigo Vera 
999 |c 214714  |d 214712 
952 |0 0  |1 0  |4 0  |6 693_500000000000000_SAL_1963  |7 0  |8 A  |9 198371  |a BIBARQ  |b BIBARQ  |d 2019-11-14  |i 2658569  |o 693.5 SAL 1963  |p 2658569  |r 2025-01-20  |w 2019-11-14  |y BK  |k ARQ 
952 |0 0  |1 0  |4 0  |6 693_500000000000000_SAL_1963  |7 0  |8 A  |9 198372  |a BIBING  |b BIBING  |d 2019-11-14  |i 1703080  |o 693.5 SAL 1963  |p 1703080  |r 2025-01-20  |w 2019-11-14  |y BK  |k CCL